Представление документа в формате RUSMARC

ПолеНазваниеЗначение
  Тип записи a
  Библиографический уровень a
001 Контрольный номер RU/CBS_UL/BASE/716994914
005 Дата корректировки 20240209175331.2
100 Данные общей обработки __
a Данные общей обработки 20220920d2022 ||| 0rusy0189 ca
101 Язык документа 0_
a Язык текста rus
102 Страна публикации __
a Страна публикации RU
105 Кодированные данные (монография) __
a Кодированные данные (монография) y###||||000|y
181 Поле кодированных данных: вид содержания _1
a Код вида содержания (ISBD) i#
b Код характеристики содержания (ISBD) #xxe##
d i
g x
h x
i e
2 Код системы (источник кода, отличный от ISBD) isbdcontent
182 Поле кодированных данных: тип средства _1
a Код типа средства (ISBD) n
2 Код системы (источник кода, отличный от ISBD) isbdmedia
200 Заглавие и сведения об ответственности 1_
a Заглавие Почему байкальские бокоплавы боятся тёплой воды
b Общее обозначение материала Текст
e Сведения, относящиеся к заглавию [биологи из Иркутского государственного университета (ИГУ) вместе с немецкими коллегами выяснили, что потепление Байкала является угрозой для эндемичных рачков-бокоплавов: это необходимо учитывать, чтобы сохранять уникальные экосистемы]
f Первые сведения об ответственности К. Стасевич
g Последующие сведения об ответственности фот. М. Тимофеев
w Текст (визуальный) : непосредственный
203 Вид содержания и тип средства __
a Вид содержания Текст
b Характеристика содержания визуальный
c Тип средства непосредственный
333 Примечание о целевом назначении __
a Примечание о целевом назначении 12+
461 Уровень набора _0
1 2000
a Наука и жизнь
463 Уровень физической единицы _0
1 001RU/CBS_UL/BASE/671638047
1 2000
a № 4
v С. 60-61 : фот.
1 210
d 2021
606 Тематические рубрики 0_
a Основная рубрика Систематика беспозвоночных - Байкал, озеро (Сибирь Юго-Восточная)
y Географическая подрубрика Байкал, озеро (Сибирь Юго-Восточная)
606 Тематические рубрики 0_
a Основная рубрика Экология и охрана окружающей среды - Байкал, озеро (Сибирь Юго-Восточная)
610 Ключевые слова 0_
a Ключевые слова животные
a Ключевые слова беспозвоночные
a Ключевые слова озёра
a Ключевые слова повышение температуры воды
a Ключевые слова байкальские рачки
a Ключевые слова байкальские эндемики
a Ключевые слова рачки байкальские
a Ключевые слова рачки-бокоплавы
a Ключевые слова эндемики
a Ключевые слова экосистемы
a Ключевые слова энергетический метаболизм
a Ключевые слова университеты
686 Индексы других классификаций __
a Классификационный индекс 28.691
2 Код системы rubbk
686 Индексы других классификаций __
a Классификационный индекс 20.1
2 Код системы rubbk
700 Автор _1
a Фамилия Стасевич
b Имя (инициалы) К.
801 Источник записи _0
a Страна RU
b Организация МБУК ЦБС г. Ульяновска
c Дата составления 20220920
g Правила каталогизации RCR
801 Источник записи _1
a Страна RU
b Организация МБУК ЦБС г. Ульяновска
c Дата составления 20220920
g Правила каталогизации RCR
901 Тип документа __
t Тип документа b
w Контрольный № источника RU/CBS_UL/BASE/671638047
910 Корректоры записи __
a Корректор записи Библиотека 1-2
938 Служебная информация __
a Имя БД period